Elementos del costo industrial
Bewaard in:
| Hoofdauteurs: | , |
|---|---|
| Formaat: | Boek |
| Taal: | Spaans |
| Gepubliceerd in: |
Buenos Aires
Selección Contable
1946
|
| Editie: | 2a. ed |
| Onderwerpen: | |
| Tags: |
Voeg label toe
Geen labels, Wees de eerste die dit record labelt!
|
MARC
| LEADER | 00000nam a2200000 a 4500 | ||
|---|---|---|---|
| 001 | UCR9619 | ||
| 003 | CL-VaPUC | ||
| 008 | 980613e19460000AG |||||||||||||||||spa|d | ||
| 082 | 0 | 4 | |a 658.151 |b SEO |2 21 |
| 100 | 0 | |a Seoane, Joaquín Raul |e author |9 412345 | |
| 700 | 0 | |a Seoane, Jorge |e author |9 412346 | |
| 245 | 1 | 0 | |a Elementos del costo industrial |
| 250 | |a 2a. ed | ||
| 300 | |a 298 p | ||
| 942 | |c BK | ||
| 945 | |d 19980613 00:00:00 |a cmena | ||
| 260 | |a Buenos Aires |b Selección Contable |c 1946 | ||
| 650 | 0 | |a Administración financiera |9 261146 | |
| 650 | 0 | |a Contabilidad de costos |9 260564 | |
| 650 | 0 | |a Costos |9 261063 | |
| 650 | 7 | |a GASTOS |2 CL-VaPUC |9 357995 | |
| 650 | 0 | |a Auditoría |9 307008 | |
| 650 | 0 | |a Estados de cuentas |9 352305 | |
| 650 | 0 | |a Activo |9 411658 | |
| 650 | 7 | |a GANANCIAS |2 CL-VaPUC |9 307105 | |
| 650 | 0 | |a Recursos humanos |9 228420 | |
| 650 | 7 | |a REMUNERACIONES |2 CL-VaPUC |9 371777 | |
| 583 | |a last modification |c 19980613 00:00:00 |k Rodrigo Vera | ||
| 999 | |c 270805 |d 270803 | ||
| 952 | |0 0 |1 0 |4 0 |6 658_151000000000000_SEO_1946 |7 0 |8 P |9 305208 |a BIBGIM |b BIBGIM |d 2019-11-20 |i 1419617 |o 658.151 SEO 1946 |p 1419617 |r 2025-01-15 |w 2019-11-20 |y BK |k COM | ||